| 000 | 00950pam a2200277 a 4500 | ||
|---|---|---|---|
| 001 | 2883 | ||
| 005 | 20240119160733.0 | ||
| 020 | _a0140542655 | ||
| 040 |
_aDLC _cDLC _dDLC _beng |
||
| 050 | 1 | 0 | _aPZ7.S6538 |
| 082 | 0 | 0 | _a813.54 |
| 100 | 1 | _aSmith, Lane | |
| 245 | 1 | 4 |
_aThe big pets / _cby Lane Smith. |
| 260 |
_aNew York: _bPenguin Group , _c1993 |
||
| 300 |
_a28 unnumbered pages : _bcolor illustrations ; _c27 cm. |
||
| 500 | _a"First published in the United States of America by Viking Penguin ... 1991"--T.p. verso. | ||
| 505 | _aN | ||
| 520 | _aA little girl explores the mysterious dreamworld where small children play with their big pets, which range from cats and dogs to snakes and crickets. | ||
| 521 |
_a550
_bLexile |
||
| 521 |
_aN
_bRaz-Plus |
||
| 650 | 1 |
_aAnimals _xFiction. |
|
| 650 | 1 |
_aPets _xFiction. |
|
| 650 | 1 |
_aDreams _xFiction. |
|
| 906 |
_a7 _bcbc _corignew _d1 _eocip _f19 _gy-gencatlg |
||
| 942 |
_2ddc _cBK _n0 |
||
| 999 |
_c2883 _d2883 |
||